Cuzco religioso / (Record no. 22690)

000 -CABECERA
campo de control de longitud fija 01086nam a22002057a 4500
003 - IDENTIFICADOR DEL NÚMERO DE CONTROL
campo de control OSt
005 - FECHA Y HORA DE LA ÚLTIMA TRANSACCIÓN
campo de control 20230808150720.0
008 - DATOS DE LONGITUD FIJA--INFORMACIÓN GENERAL
campo de control de longitud fija 230808b ||||| |||| 00| 0 eng d
020 ## - NÚMERO INTERNACIONAL ESTÁNDAR DEL LIBRO
Número Internacional Estándar del Libro 978-9972-2967-1-0
040 ## - FUENTE DE LA CATALOGACIÓN
Centro catalogador/agencia de origen Municipalidad Provincial del Cusco
Lengua de catalogación spa
Centro/agencia transcriptor Biblioteca Municipal del Cusco
082 ## - NÚMERO DE LA CLASIFICACIÓN DECIMAL DEWEY
Número de clasificación 291 /
Notación interna V21
100 ## - ENTRADA PRINCIPAL--NOMBRE DE PERSONA
9 (RLIN) 12606
Nombre de persona Valencia Espinoza, Abraham
245 ## - MENCIÓN DE TÍTULO
Título Cuzco religioso /
Mención de responsabilidad, etc. Abraham Valencia Espinoza
300 ## - DESCRIPCIÓN FÍSICA
Extensión 748 páginas ;
Otras características físicas fotos ; diagrama ;
Dimensiones 22.5 cm.
505 ## - NOTA DE CONTENIDO CON FORMATO
Nota de contenido con formato Taytacha Temblores Patrón Jurado del Cusco -- Religiosidad popular cuzqueña El Niño Compadrito -- Santuario de Saqsaywaman -- La Wak'a de Suyu Deidad andina en plena función -- El Dios Wiraqocha y Raqchi -- Aspectos religiosos de Ollantaytambo -- La danza Qanchi Expresión ritual Inka -- Legendario beaterio de Coporaque -- La coca en las batallas rituales de Chiaraqhe -- Las batallas de Rumitaqe Movimientos campesinos de 1921 en Canas.
650 #0 - PUNTO DE ACCESO ADICIONAL DE MATERIA--TÉRMINO DE MATERIA
9 (RLIN) 44127
Término de materia o nombre geográfico como elemento de entrada Religiosidad andina
650 #0 - PUNTO DE ACCESO ADICIONAL DE MATERIA--TÉRMINO DE MATERIA
9 (RLIN) 45862
Término de materia o nombre geográfico como elemento de entrada Antropología cusqueña
942 ## - ELEMENTOS DE PUNTO DE ACCESO ADICIONAL (KOHA)
Fuente del sistema de clasificación o colocación
Tipo de ítem Koha Libros-BMC
945 ## - PROCESAMIENTO DE INFORMACIÓN LOCAL (OCLC)
Catalogador vcp
AAAA-MM-DD Fecha de ingreso o modificación 2023-08-08
Holdings
Estado de retiro Estado de pérdida Fuente del sistema de clasificación o colocación Estado dañado No para préstamo Localización permanente Ubicación/localización actual Ubicación en estantería Fecha de adquisición Fuente de adquisición Signatura topográfica completa Código de barras Fecha visto por última vez Precio válido a partir de Tipo de ítem Koha
          Sala Cusco Antiguo Sala Cusco Antiguo Book Cart 2023-03-10 Donación 291 / V21 SCA0003983 2023-08-08 2023-08-08 Libros-BMC

Powered by Koha